[Event "KNSB Meesterklasse 2023-2024"]
[Site "?"]
[Date "2024.02.03"]
[Round "6.5"]
[White "Willemze, Thomas"]
[Black "De Rover, Yong Hoon"]
[Result "0-1"]
[WhiteElo "2331"]
[BlackElo "2314"]
[PlyCount "72"]
[EventDate "2023.09.16"]
[EventType "team-tourn"]
[EventRounds "9"]
[EventCountry "NED"]
[WhiteTeam "LSG IntelliMagic"]
[BlackTeam "De Waagtoren"]
[WhiteTeamCountry "NED"]
[BlackTeamCountry "NED"]

1. e4 e6 2. d4 d5 3. Nc3 Bb4 4. Nge2 Nc6 5. a3 Ba5 6. b4 Bb6 7. Bb2 Nge7 8. Qd3
O-O 9. Rd1 Re8 10. Na4 f6 11. Ng3 a6 12. Be2 Ng6 13. Nh5 Ba7 14. O-O Nce7 15.
e5 fxe5 16. dxe5 Bd7 17. Nc3 Rf8 18. Qh3 Qe8 19. Bg4 Nf5 20. Ne2 Nh6 21. Nd4
Nxg4 22. Qxg4 Qf7 23. f4 Kh8 24. Kh1 Nxe5 25. Qe2 Nc4 26. Ba1 Rae8 27. Nxg7
Qxg7 28. Nf3 Rf6 29. Ng5 Ne3 30. Qh5 Ref8 31. Rd3 Nxf1 32. Rh3 d4 33. Nxh7 Kg8
34. Nxf8 Kxf8 35. Qf3 Bc6 36. Qxf1 Rg6 0-1

[Event "KNSB Meesterklasse 2023-2024"]
[Site "?"]
[Date "2024.02.03"]
[Round "6.10"]
[White "Van Tellingen, Frank"]
[Black "Bosman, Michiel"]
[Result "1-0"]
[WhiteElo "2253"]
[BlackElo "2355"]
[PlyCount "65"]
[EventDate "2023.09.16"]
[EventType "team-tourn"]
[EventRounds "9"]
[EventCountry "NED"]
[WhiteTeam "De Waagtoren"]
[BlackTeam "LSG IntelliMagic"]
[WhiteTeamCountry "NED"]
[BlackTeamCountry "NED"]

1. e4 e6 2. d4 d5 3. Nc3 Bb4 4. exd5 exd5 5. Bd3 Nf6 6. Nge2 O-O 7. O-O h6 8.
Ng3 Re8 9. Nce2 b6 10. c3 Bf8 11. b4 c6 12. a4 Nbd7 13. a5 Bb7 14. Qc2 Nb8 15.
axb6 axb6 16. Rxa8 Bxa8 17. Nf5 Nbd7 18. Neg3 b5 19. Qd1 Bb7 20. Bc2 Bc8 21.
Qd3 Re6 22. Nh5 Kh8 23. Nf4 Re8 24. Nh5 Re6 25. g4 Qb6 26. Nf4 Re8 27. Qh3 Nh7
28. Qh5 Kg8 29. Nxh6+ gxh6 30. Bxh7+ Kg7 31. Bf5 Nf6 32. Qxh6+ Kxh6 33. Nh5+
1-0

[Event "KNSB Meesterklasse 2023-2024"]
[Site "?"]
[Date "2024.02.03"]
[Round "6.6"]
[White "Hermeling, Caspar"]
[Black "Van Meegen, Ruud"]
[Result "0-1"]
[WhiteElo "1947"]
[BlackElo "2282"]
[PlyCount "72"]
[EventDate "2023.09.16"]
[EventType "team-tourn"]
[EventRounds "9"]
[EventCountry "NED"]
[WhiteTeam "HMC Den Bosch"]
[BlackTeam "Zuid Limburg"]
[WhiteTeamCountry "NED"]
[BlackTeamCountry "NED"]

1. e4 c6 2. d3 d5 3. Nd2 e5 4. Ngf3 Bd6 5. d4 exd4 6. exd5 cxd5 7. Bb5+ Nc6 8.
Nxd4 Nge7 9. N2b3 O-O 10. O-O Ne5 11. f4 Nc4 12. Qe2 Qc7 13. Be3 Nxb2 14. Nd2
a6 15. Rab1 Ba3 16. Bd3 Nxd3 17. cxd3 Nf5 18. Nxf5 Bxf5 19. Nb3 Qc3 20. Rfd1
Rae8 21. Qf2 Bxd3 22. Bd4 Qc2 23. Qg3 Bg6 24. Rf1 Bd6 25. h4 Qd3 26. Qg4 Qf5
27. Qf3 h5 28. Nc5 b5 29. Nxa6 Qd3 30. Qxd5 Bxf4 31. Rfd1 Qg3 32. Qf3 Qh2+ 33.
Kf2 Qxh4+ 34. Kg1 Bh2+ 35. Kh1 Bg3+ 36. Kg1 Qh2+ 0-1